[Event "Tata Steel-A 82nd"]
[Site "Wijk aan Zee"]
[Date "2020.01.24"]
[Round "11"]
[White "Duda, Jan Krzysztof"]
[Black "Carlsen, Magnus"]
[Result "1/2-1/2"]
[WhiteElo "2758"]
[BlackElo "2872"]
[Annotator "Duda,Jan Krzysztof"]
[PlyCount "86"]
[EventDate "2020.01.11"]
[EventType "tourn"]
[EventRounds "13"]
[EventCountry "NED"]
[EventCategory "20"]
[SourceTitle "CBM 194"]
[Source "ChessBase"]
[SourceDate "2020.01.27"]
[SourceVersion "1"]
[SourceVersionDate "2020.01.27"]
[SourceQuality "1"]

{The game was played on 11th round, and after a free day which felt no fun at
all. Magnus had just overcome a drawing crisis and had scored 3/3 in the last
rounds. Still he was down to Caruana by half a point, so I assumed he would go
for an even higher winning streak. Furthermore the free day made me paranoic
about his opening preparation. After much thought I decided to stay loyal to
my 1.e4 and see what happens, without certainity though.} 1. e4 e5 {So after
all this hours spend on repeating all kinds of Sicilian variations, French
Defence, Modern, Scandinavian and even Alekhine Defence, he just played 1...e5.
A true surprise.} 2. Nf3 Nc6 3. Bc4 Bc5 ({Not even going for} 3... Nf6 {
as he played against Van Foreest a couple of rounds earlier}) 4. c3 Nf6 5. d3
d6 {So the Italian game. The only prep I had done was that I wasn't going to
play a set up with Bg5. Not a brilliant stuff, but at least I had played the
Italian 32 times in my recent years.} 6. Nbd2 a6 7. Nf1 {Pretending to save a
tempo on Re1 later on, but most importantly avoid ...Ng4/...f5 stuff.} (7. Bb3
h6 8. Nf1 d5 9. exd5 Nxd5 10. Ng3 O-O 11. O-O Re8 12. Re1 Nf6 13. h3 Be6 14.
Bc2 Bd5 15. Nh4 Qd7 16. Nhf5 Bf8 $1 {That's the point!} 17. f4 Rad8 18. fxe5
Nxe5 19. d4 Ng6 20. Rf1 Qc6 21. Rf2 Ne4 $11 {1/2 (43) Duda,J (2739)-Mamedyarov,
S (2820) Batumi 2018; with comfortable equality for Black.}) 7... h6 8. Ng3 O-O
9. O-O {I didn't remember the exact move order from my game against Mamedyarov.
Obviously I wasn't willing to allow Bf8 anymore. Luckily here Black can hardly
play d5, because his e5-pawn would be too weak. My opponent's next move
deprives him of this option once and for all.} Ba7 10. Bb3 {I spent some time
choosing between the game continuation and the more positional 10.a4.} Re8 11.
h3 Be6 12. Bc2 d5 13. exd5 {By transposition we have arrived to a position
which is quite tricky for unprepared Black player to face, and was popular
some time ago. The good thing was I had analysed this stuff a couple of years
ago, back in times, when setups with a4 or Bg5 hadn't been yet so well known.
The bad thing was that I couldn't have recalled anything and I was facing the
World Champion} Nxd5 {Black has other recaptures as well:} (13... Qxd5 14. Re1
Rad8) (13... Bxd5 14. Re1 Qd7 15. Nh4 (15. Be3 $5 {is a slower approach}) 15...
Rad8 16. Nhf5 Kh8 17. d4 {this is a 'forced draw' when Black defends right}
exd4 18. Nxg7 Rxe1+ (18... Kxg7 $2 19. Bxh6+ Kh8 20. Qd2 $40 {with a very
powerful attack 1-0 (29) Ganguly,S (2660)-Kollars,D (2436) Caleta 2016}) 19.
Qxe1 Kxg7 (19... Bxg2 $5 20. Kxg2 Qd5+ (20... d3) 21. Kf1 Qb5+ 22. Kg2 Qd5+ 23.
Kf1 {1/2 (23) Laine,J (2311)-Gerhards,G (2304) ICCF email 2018}) (19... d3 $5)
20. Bxh6+ Kh8 (20... Kxh6 $2 21. Qd2+) 21. Qd2 (21. Bg5) 21... Rg8 (21... Nh7)
22. Qf4 Qd6 $4 {Vishy didn't handle it well, but it was a blitz game after all.
} (22... Nh5 $1 23. Bg7+ Kxg7 24. Nxh5+ Kf8 25. Qh6+ Ke7 26. Re1+ Kd8 27. Nf6
Rxg2+ 28. Kf1 Rxf2+ 29. Kxf2 d3+ 30. Re3 Bxe3+ 31. Kxe3 Qe6+ 32. Kxd3 $11) 23.
Qh4 Qxg3 24. fxg3 {1-0 (26) Giri,A (2773)-Anand,V (2804) Stavanger 2015}) 14.
Re1 Qd6 15. Nh4 Qe7 16. Nhf5 ({On the correspondence level, the following
endgame is quite common:} 16. Qh5 Rad8 17. d4 Nf4 (17... exd4 $2 18. Bxh6 gxh6
19. Qxh6 $40) (17... Nf6 18. Qf3 Bd5 (18... exd4 19. Nhf5 Qf8 20. Nxh6+) 19.
Qd3 $36) 18. Bxf4 exf4 19. Nf1 (19. Ngf5 Qg5 20. Qxg5 hxg5 21. Nf3 g6 22. Nh6+
Kg7 23. Ng4 f6) 19... Rd5 20. Qxd5 Bxd5 21. Rxe7 Nxe7 {Maybe in corr chess
this is an easy draw, but to my eyes it looks as comfortable edge for White,
at least in terms of OTB chess.}) 16... Qf6 17. Qf3 $2 {As it turned out - the
bluff. But in the game I was pretty confident, I guess I mixed up variations.
The other logical continuation is probably better, but it involves a queen sac.
} (17. Qg4 {with the following line in mind:} g6 18. Nxh6+ Kf8 19. Ne4 $1 Bxf2+
20. Nxf2 Bxg4 21. Nhxg4 {with a crazy game ahead. Objectively my choice was
bad, but it's refutation was anything but easy.}) 17... g6 $2 {Frankly I
didn't see this. But both alternatives are better:} (17... Kh7 18. d4 g6 {
and the engine suggests} 19. Ne4 {which feels entirely wrong} (19. Be4 exd4)
19... Qxf5 20. Ng5+ Qxg5 21. Bxg5 hxg5 22. dxe5 {and in general terms three
pieces should be better than the queen, but thanks to Qh5+ White is only
marginally worse.}) ({or} 17... Kh8 $1 18. d4 (18. Re4 g6 19. Nh4 {is a
disaster. After} Qg7 {the black pawns will start rolling.}) 18... g6 19. Be4 {
Magnus calculated this far, but he either didn't see or misevaluated the next
move} exd4 $1 {The refutation. White has to go for a sad endgame after} 20.
Nxh6 Qxf3 21. Bxf3 Kg7 22. Bd2 {which might be holdable but no more than that.}
) 18. Nxh6+ Kg7 19. Qxf6+ Nxf6 20. Ne4 (20. Bd1 {is the alternative mentioned
by Magnus, but Black obviously has some compensation for the missing pawn:}
Rad8 21. Be2 Nd5 22. Ng4 Nf4 $5 (22... f5 23. Nh2 Nf4 24. Bxf4 exf4 25. Ngf1
$14 {1/2 (74) Harikrishna,P (2737)-Sethuraman,S (2640) Baku 2015})) 20... Nh7 (
{In the game I also wasn't entirely sure about} 20... Nxe4 21. dxe4 Rh8 22. Ng4
Bxg4 23. hxg4 Rh4 {but here both} 24. Kf1 ({and} 24. Bd1 {should lead to some
edge for White})) 21. g4 (21. h4 {is probably better, but I was a bit unease
about my h6-knight.} Rf8 $5 {A sophisticated move.} (21... f5 22. Ng5 Bd5 23.
Nxh7 Kxh7 24. g4) (21... Rad8 22. g4 f5 23. gxf5 gxf5 {1-0 (75) Rabiega,R 
(2498)-Feller,S (2573) Germany 2017} 24. Ng3 $1 {is a far better version of my
game.}) 22. g4 f5 {Now with the f5-pawn safely guarded, White has to go Ng5
and the position becomes a complicated one with h6-knight indeed being hanging.
}) 21... f5 22. gxf5 gxf5 23. Ng3 f4 24. Ngf5+ Kg6 {For some reason I was
expecting only} (24... Kf6 {which according to engine doesn't change much:} 25.
d4 Ng5 26. Ng4+ Kf7 27. Kg2 Bd5+ 28. Kf1 {with similar equality.}) 25. d4 Ng5
26. Kg2 $1 Bd5+ 27. Kf1 {Black has a perpetual but apparently nothing better.
Of course at this moment I didn't expect Magnus to take repetition.} Nf3 28.
Rd1 (28. Re2 {I calculated this valid alternative as well, but it felt a bit
unnatural with the potential ...Bc4 in the air.}) 28... Rad8 29. Ne7+ $1 {
The simplest, and I think he missed it} Kxh6 30. Nxd5 Nfxd4 $1 {Luckily for
Magnus he had this escape. Now the game should peter out to a draw.} 31. cxd4
Rxd5 32. dxe5 Rxd1+ 33. Bxd1 Kg5 34. h4+ Kf5 35. Bc2+ $6 {Played based on a
miscalculation.} ({After the normal} 35. Bd2 {it's Black who would have to
work for a draw.} Bd4) 35... Kg4 36. Bd1+ $6 (36. Bd2 {was still a lesser evil.
}) 36... f3 37. Bg5 Nxe5 38. Bc2 $1 {Luckily I have this move, which with a
correct follow-up guarantees draw.} ({In the intended variation} 38. Rc1 Nd3
39. Rc4+ {I completely forgot Black has} Kh3 $1 {and he is already winning now.
}) 38... Nc4 39. Re1 Rxe1+ 40. Kxe1 Nxb2 41. Bf6 $1 Nc4 42. Bg6 Bc5 {It seems
as if Black is going to stop the h-pawn, but my next move disturbs his
coordination.} 43. Bf7 $1 (43. h5 Bf8 $15 {would be very unpleasant to defend
even if defensible.}) 43... Kf5 {Offering a draw.} (43... Bb4+ 44. Kd1 $1 Nd6
45. Be6+ Kh5 (45... Kf4 46. h5 Ne4 47. Bd4 Kg5 48. Bd5 $11) 46. Bd5 Kg4 47.
Be6+ {with a draw.  An interesting battle, and my first draw in classical
chess against Magnus!}) 1/2-1/2

[Event "Tata Steel-A 82nd"]
[Site "Wijk aan Zee"]
[Date "2020.01.26"]
[Round "13"]
[White "Giri, Anish"]
[Black "Van Foreest, Jorden"]
[Result "1/2-1/2"]
[WhiteElo "2768"]
[BlackElo "2644"]
[Annotator "Giri,A"]
[PlyCount "109"]
[EventDate "2020.01.11"]
[EventType "tourn"]
[EventRounds "13"]
[EventCountry "NED"]
[EventCategory "20"]
[SourceTitle "CBM 194"]
[Source "ChessBase"]
[SourceDate "2020.01.27"]
[SourceVersion "1"]
[SourceVersionDate "2020.01.27"]
[SourceQuality "1"]

1. d4 d5 2. c4 c6 {I didn't know what to expect from Jorden, I mean I did, but
he also did that I did, so I knew I didn't.} 3. cxd5 cxd5 4. Bg5 {This obscure
line screams surprise weapon.} Nc6 5. Nc3 Nf6 {A very solid way to handle it,
I expected something far more forcing from Jorden.} 6. Bxf6 gxf6 7. e3 {
Now we have a position that resembles some sort of a trompowsky. Initially I
was thrilled with the fact that we got a playable position where I even seem
to have a small edge, but I soon realized that it wasn't that easy to play for
white, once the initial opening moves are completed.} e6 8. Bd3 Bd6 9. Nf3 (9.
Nge2 {felt more natural, but then I realized my knight's only future is on f4,
where it will be captured, so I decided to place it on f3, having in mind some
abstract maneuvre of Nh4-g2, Ne2 and only then Nf4.}) 9... f5 10. g3 Bd7 11.
O-O Rc8 12. Rc1 O-O {So far all moves seemed too natural not to be made and
here I had to choose a plan. The idea of Nh4-Ng2 and Ne2 started seeming a
little too far fetched, as Black would start bothering me somewhat on the
queenside with moves like Nb4 and Qb6 and so on. I decided for now to give
Black a move and see what happens.} 13. a3 (13. Ne2 {was nevertheless possible.
} Qb6 (13... Nb4 14. Rxc8 Qxc8 15. Bb1 Bb5 {was something I was slightly
hesitant to allow, but already two moves in, I realized a position like the
one White gets after eventually Bxe2 is a dream for White here.}) 14. Qd2 Qa5
15. Nc3 {would trick Black into making a weird move Qa5.}) 13... Kh8 {Clever
waiting move. I was hoping for Na5, which I would meet with Nd2. Already here
I started getting tempted with allowing this Nc4 business, but obviously here
it would be a much better version for me than what I eventually got in the
game.} (13... Na5 14. Nd2) 14. Qe2 {This I already played after some serious
hesitation. The alternatives didn't seem to give me anything clear either and
so I decided to keep the tension and at the same time I am once again ready to
meet Na5 with Nd2.} (14. b4 a5 15. b5 Ne7 16. Qb3 b6 {didn't look like much,
upon closer look.}) (14. Na4 $2 Nxd4 $1 {is what them kids live for.}) (14. Ne2
{would allow} Qb6) 14... Rg8 15. Kh1 ({For fun I like to sometimes consider
some suicidal lines, here is one.} 15. b4 f4 $5 16. e4 $2 {positionally the
right way to meet the f4 push, but there is a minor tactical issue here-} fxg3
17. fxg3 Bxg3 $1 18. hxg3 Rxg3+ 19. Kf2 Nxd4 $1 20. Nxd4 Qh4 21. Nf3 {and here
...Rxf3+ is obviously an issue, but even more painful is} Rg2+ $1) 15... Na5 {
A clever idea to do this after including Rg8 Kh1, as there will now be Qc6+
further down the line.} 16. Nd2 {I sort of realized that what I am about to do
with my position is very much uncalled for, but on the other hand, I saw some
potential for counterplay against Black king in some lines and decided that
there will be chances. Also, I didn't fancy any of the alternatives.} ({
I considered bailing out with} 16. Nb5 {but I didn't think I had anything
after both ...Bxb5 as well as the simple retreat} Bb8 $1 (16... Bxb5 17. Bxb5
a6 18. Bd3 b5 $6 19. Rxc8 Qxc8 20. a4 $1) 17. Rxc8 Qxc8 18. Nc3 a6) 16... Qb6
17. b4 $5 {Somewhat dubious, but playing it solid at this point looked a
little sad.} (17. Rc2 Nc4 18. Rb1 (18. Bxc4 dxc4 19. Kg1 {was another version,
but actually I was kinda happy to have my pawn on b4. Not sure, as in both
cases Black has very clear plans on the queenside.})) 17... Nc4 18. Bxc4 dxc4
19. Kg1 {I wasn't actually sure if and when I want to push e4, but if I wanted
to do it, I could have done it immediately.} (19. e4 $5 {Black shouldn't
capture the pawn and stick to his idea - remove the queen, go b5 and a5. In
the meantime White's play in the center is not so dangerous, as Black's
bishops control most of the key squares.} Qc7 $1 (19... Qxd4 20. Rfd1) (19...
Qa6 $5)) 19... Qa6 {I thought this was some sort of a mistake, but then I
realized that the planned b5 is not what I want to play.} (19... Qc7 $5 {
is where I felt my position would be really suspect.} 20. e4 b5 {not clear how
to develop something out of this, as} 21. Nf3 {is well met with} fxe4 $1 22.
Nxe4 Bc6 $1) 20. Ra1 {Pathetic move played with great confidence.} (20. b5 Bxb5
21. Nxb5 Qxb5 22. Rxc4 Rxc4 (22... Bxa3 23. Rb1 {wins White back the pawn, but
didn't seem too tempting.}) 23. Qxc4 Qxc4 24. Nxc4 {This endgame looked very
fine for Black.}) (20. Rb1 {I wasn't sure about 20...b5 21.a4!?, but also} Qxa3
21. Nxc4 Rxc4 22. Qxc4 Rc8 23. Rb3 Rxc4 24. Rxa3 a5 $5 {is a mess, but I
rather be the one pushing pawns.} (24... Bxb4 25. Rxa7 Bxc3 26. Rxb7 Bc6 27.
Rxf7 Bb4 {holds the balance too.})) 20... b5 21. Nf3 $5 {I had given up on my
queenside and hoped for counterplay and tricks. Otherwise I could have
considered a4, trying to weather the storm there.} Qb6 22. e4 {White probably
can't do anything without this push.} a5 $5 {Rushing the counterplay is often
a safe thing to do, but I actually felt it gives me some concrete play that I
was looking for. Still, Black's position is excellent.} (22... f4 $5 {was
interesting and even more ambitious.}) 23. exf5 $1 axb4 24. fxe6 {I was mostly
choosing between this and capturing on b4 first. Finally I decided to take and
see how Black reacts. I for some reason expected fxe6 back.} (24. Ne4 $5 exf5
25. Nf6 {is a complete, yet relatively balanced mess.}) 24... Bxe6 $5 (24...
fxe6 25. axb4 Bxb4 {here I was planning to go for the vague} 26. Ne4 ({while
the following line leads to a semi-forced perpetual -} 26. Qe5+ Rg7 27. Ng5 Rf8
$5 28. Ra8 $1 Rxa8 29. Nf7+ Kg8 30. Nh6+ {Of course, being a top player I spot
such repetitions instantly.})) 25. axb4 Bg4 $5 (25... Bxb4 $5 26. Qe5+ Rg7 {
was what I had assumed we are going for, when taking on b5 is bad, but
bringing the knight to the center would give White adequate play in return for
the queenside passers.} 27. Ne4 $1 (27. Nd5 {also an option.})) (25... Rce8 $5
{is another cunning idea, with unclear play -} 26. Qb2 Bg4 27. Ne5 Bxe5 28.
dxe5 Qd4 {with equality is a likely scenario.}) 26. Qe3 (26. Ra5 {Had suddenly
entered my mind, but fortunately I didn't trust it-} Rce8 27. Qd1 Bxb4 28. Rxb5
Qf6 29. Rxb4 Bxf3 {is a disaster for white, as the queen comes to h3.}) (26.
Qe4 $5 {to be frank allowed so many options, I didn't really understand what
was going on.} f5 27. Qd5 Bxb4 28. Qe5+ Rg7 29. Nd5 Qb8 30. Nxb4 Bxf3 {is one
of the possible variations, with a balanced position.}) 26... Rce8 $6 {Black
decides to play for a draw and although he eventually succeeds, it was only
due to walking down a very narrow path.} (26... Bxb4 27. Nd5 Qb7 {was what I
felt was the strongest.}) (26... f6 $1 {was too strong a move for me to see,
but covering e5 square, now it actually is up to White to make a good move.})
27. Ne5 Bxe5 28. dxe5 Qxe3 29. fxe3 Bh5 $1 (29... Rxe5 {wasn't better -} 30.
Rxf7 Bh5 31. Rc7 {and the endgame like this seems like a fifty-fifty to me.})
30. Nxb5 (30. Ra5 {was possible, but at this point going for a 3 vs 2 seemed
like selling it too cheap.} Rxe5 31. Rxb5 Rxb5 32. Nxb5 Rb8 33. Rf5 Bg6 34. Rc5
c3 35. Nxc3 Rxb4) 30... Rxe5 31. Nd6 Rxe3 32. Nxf7+ {Objectively not a mistake
as such, as probably Black can also hold it after 32.Ra5, but there his path
was a little more vague and in hindsight, that was a better try.} (32. Ra5 $5
Bg6 33. Nxf7+ Kg7 $1 {This option wasn't there in the game, but even here it's
still not easy -} (33... Bxf7 34. Rxf7 Re2 {To be very honest it didn't seem
obvious to me that having rook on a5 is in my favour, but now I realize that
it was -} 35. Rc5 $1 Rd8 36. Rf2 {and the difference is that now after trading
one pair of rooks, Black won't be able to trade the c-pawn for b-pawn. Had the
white rook been on c1, he'd manage.}) 34. Ra7 Rb8 (34... c3 {is losing -} 35.
Kf2 $1) 35. Ne5+ Kh8 36. Nxg6+ (36. Nxc4 Rb3 37. Ne5 Be4 {holds too, as Black
regains the b-pawn and has to defend a 2 vs 1, which he should manage.}) 36...
hxg6 {and Black should hold this endgame too, but it is probably not as
straightforward as in the game.}) 32... Bxf7 33. Rxf7 Re2 $1 {Played after
some hesitation, but in fact it is strictly the only move. Cutting the white
king is essential.} (33... Rd8 {was what I was hoping for and a move my
opponent was about to make, but here White wins after securing the freedom of
the king -} 34. Kg2 $1) (33... c3 {also loses -} 34. Raa7 Rd8 35. Rxh7+ Kg8 36.
Kf2) 34. Rc7 {To be honest even here I wasn't yet sure that I am not winning,
as Black can't double on the second rank after giving up the c4 pawn, but I
underestimated the quiet 35...Rb2!} Rd8 $1 35. Rxc4 Rb2 $1 (35... Rdd2 $2 36.
Rc8+ Kg7 37. Ra7+ Kg6 38. Rc6+ Kf5 39. Ra5+) 36. Rc7 {I actually do win the
second pawn, but it is not enough to win the game because my own king will now
be caged in.} Rxb4 37. Raa7 h5 $1 {Strictly in this order, but having made so
many precise moves already, this one was no longer too big a challenge.} 38.
Rh7+ Kg8 39. Rxh5 Rb2 {From afar I calculated till here and saw Ra1 back, but
already few moves into the line I realized this was a dead draw, but there no
longer was a sensible way to deviate.} 40. Rg5+ Kh8 41. Rh5+ Kg8 42. Rg5+ Kh8
43. Ra1 Rdd2 44. Rh5+ Kg7 45. Kh1 {White has no way of improving this position.
A peculiar draw, though given that both black rooks enjoy the second rank, it
isn't all too surprising.} Rf2 46. g4 Kg6 47. Rg1 Rb8 48. Rh3 Kg5 49. Rhg3 Rbb2
50. Rh3 Rb8 51. Rh7 Kg6 52. Rh5 Rc8 53. Ra1 Rcc2 54. Ra6+ Kg7 55. Rg5+ 1/2-1/2